| 000 | 01053nam a2200301 i 4500 | ||
|---|---|---|---|
| 001 | 186258 | ||
| 003 | SpMaBN | ||
| 005 | 20250825062634.0 | ||
| 008 | 160929s2013 sp a |||| | spa d | ||
| 020 | _a978-84-7960-513-1 | ||
| 080 | _a087.5:398.8(082.2) | ||
| 245 | 0 | 0 |
_aRomancero para niños y jóvenes / _cedición preparada por Teresa de Santos ; ilustraciones de Carmen Sáez. |
| 250 | _a3ª ed. | ||
| 260 |
_aMadrid : _bEdiciones de la Torre, _c2013. |
||
| 300 |
_a134 p. : _bil. ; _c21 cm. |
||
| 490 | 1 |
_aAlba y mayo. _aPoesía ; _v17 |
|
| 490 | 1 |
_aEdiciones de la Torre ; _v152 |
|
| 504 | _aBibliografía: p. 131. | ||
| 650 | 0 | 7 |
_aRomances- _vLibros infantiles. _916940 |
| 655 | 7 |
_aLibros infantiles _2tgfbne _9226786 |
|
| 700 | 1 |
_aSantos, Teresa de. _9161004 |
|
| 700 | 1 |
_aSáez, Carmen. _9101349 |
|
| 830 | 0 |
_aAlba y mayo. _aPoesía ; _v17 _9192509 |
|
| 830 | 0 |
_aEdiciones de la Torre ; _v152 _9192503 |
|
| 852 |
_aES-MaACL _jA-13867 _9193313 _bR.151244 _cDEPO1 _dOlim: N-6867 |
||
| 942 |
_2udc _cMONOGRAFIA |
||
| 999 |
_c186258 _d186258 |
||